Quizzes
Events
Quiz Creation
Community
Videos
Private Events
Remove Ads
Sign In
Join for FREE
Feedback
Dark Mode
Quiz Categories
Sports
Geography
Music
Movies
Television
Just For Fun
Miscellaneous
History
Literature
Language
Science
Gaming
Entertainment
Religion
Holiday
For Kids
Quiz Lab
Recent
Popular Today
Quiz Kudos Today
Editor Picks
Curator Picks
Quizzes by...
Day
Popularity
Type
Ratings
Length
Year
Community
Subscriptions
Recent Discussions
Orange Saloon
Badges
Playlists
Quests
Create
Leaderboards
Showdown
Live 5
Trivia Bingo
Activity
Puzzle Library
Sporcle Events
Private Events
Virtual Trivia
Globe League
Become a Host
Pub Owners
SporcleCon
Opinionation
Our Games
Videos
Blog
Mobile Apps
Partnerships
Remove Ads and Go Orange
Feedback
Music
Pop Music
The Beatles
Song
Album
Lyrics
Bands
Singers
Artist
Clip
Rock
Rap
Classical
Billboard
Country Music
Kpop
Taylor Swift
Music
Pop Music
The Beatles
Song
Album
Lyrics
Bands
Singers
Artist
Clip
Rock
Rap
Classical
Billboard
Country Music
Kpop
Taylor Swift
Random Quiz
Search Sporcle
×
Editor Pick
Editor Pick
Music
Bands
Type in answers that appear in a list
Type in answers that appear in a list
Classic
Best Score? Go Orange.
...and the bands Stats
Can you name the '...and the' bands?
By
jimborama
5m
35 Questions
2,307 Plays
2,307 Plays
2,307 Plays
Comments
Comments
Give Quiz Kudos
Give Quiz Kudos
-
- Ratings
hide this ad
More Info
Replay
Link that replays current quiz
Next Quiz
Link to next quiz in quiz playlist
You Got
0%
They Got
Avg Score
45%
Avg Friend Score
Upgrade to see
Score Distribution
Jump to the score distribution portion of the page
Score
0/35
Timer
05:00
0
Plays Today
Supporting Band
Artist
% Correct
...and the E Street Band
Bruce Springsteen and the E Street Band
91.1%
...and the Blowfish
Hootie and the Blowfish
89%
...and the Sunshine Band
KC and the Sunshine Band
85.3%
...and the News
Huey Lewis and the News
83.2%
...and the Family Stone
Sly and the Family Stone
83%
...and the Heartbreakers
Tom Petty and the Heartbreakers
81.5%
...and the Gang
Kool and the Gang
81.3%
...and the Wailers
Bob Marley and the Wailers
81%
...and the Dominos
Derek and the Dominos
69.1%
...and the Waves
Katrina and the Waves
67.7%
...and the Pips
Gladys Knight and the Pips
65.4%
...and the Bunnymen
Echo and the Bunnymen
61.6%
...and the Silver Bullet Band
Bob Seger and the Silver Bullet Band
60.5%
...and the Mechanics
Mike + the Mechanics
60.4%
...and the Four Seasons
Frankie Valli and the Four Seasons
58.4%
...and the Machine
Florence and the Machine
48.7%
...and the M.G.'s
Booker T. and the M.G.'s
47.9%
...and the New Power Generation
Prince and the New Power Generation
38.8%
Supporting Band
Artist
% Correct
...and the Banshees
Siouxsie and the Banshees
37.9%
...and the Attractions
Elvis Costello and the Attractions
36.8%
...and the Tijuana Brass
Herb Alpert and the Tijuana Brass
35.3%
...and the Furious Five
Grandmaster Flash and the Furious Five
32.6%
...and the Flecktones
Béla Fleck and the Flecktones
30.4%
...and the Shondells
Tommy James and the Shondells
30%
...and the Animals
Eric Burdon and the Animals
29.3%
...and the Maytals
Toots and the Maytals
25.3%
...and the Blockheads
Ian Dury and the Blockheads
17.1%
...and the Beaver Brown Band
John Cafferty and the Beaver Brown Band
16.6%
...and the Magnetic Zeros
Edward Sharpe and the Magnetic Zeros
15.3%
...and the Medics
Doctor and the Medics
13.4%
...and the Catholics
Frank Black and the Catholics
9.2%
...and the Commotions
Lloyd Cole and the Commotions
7.8%
...and the Egyptians
Robyn Hitchcock and the Egyptians
4.1%
...and the Horseheads
Tex and the Horseheads
2%
...and the Wrongs
Luther Wright and the Wrongs
1.7%
Quiz Playlist
Details
Report
Send in Message
Add To Playlist
More Info:
Can you name the first part of these bands' names by their "and the" endings?
Classic:
Type in answers that appear in a list
Last Updated: Mar 5, 2017
Editor Pick in
Music
Quiz Scoreboard
CHALLENGE
Sign Up to Join the Scoreboard
Show All
Scores
Hide
Comments
May contain spoilers
Recently Published
Decade Duel: World Leaders
by jenniferyan
History
4m
Alphabetical 'K' Countries by Flag Minefield
by ylime102
Geography
3m
Pick 6: Fruits
by JohnFran
Miscellaneous
15s
More to Explore
Quiz From the Vault
Featured Blog Post
15 Basketball Trivia Facts You Can Be March Mad About
hide this ad
You Might Also Like...
Tags
Artist Quiz
Bands Quiz
Band Name
name
Rock Band
Supporting
Today's Top Quizzes in Music
Browse Music
hide this ad
Today's Top Quizzes in Bands
Browse Bands
Top Contributed Quizzes in Music
1
Taylor Swift All Songs (2024)
2
A Taylor Swift Logic Puzzle
3
KPOP LOGIC QUIZ
4
Taylor Swift Logic Puzzle
5
Guess the Taylor Swift song (Mystery Song)
6
Guess The Taylor Swift Lyrics Song #1
7
Kpop murder mystery 1
8
kpop group name match up
9
K-Pop : 100 Debut Songs (Part 1 of 3)
10
K-Pop Murder Mystery Logic Quiz
Explore More
Trending Topics
Harry Potter
Disney
Marvel
Crossword
NBA
Anime
Kpop
Song
The Office
Puzzle
Soccer
WWE
NFL
Country
Pokémon
hide this ad
More By:
jimborama
Quiz
Plays
Rating
Category
Featured
Created
Fictional Rabbits & Bunnies
100,198
4.43
Holiday
Feb 23, 2010
TV Show Opening Credits III
56,610
4.33
Television
Aug 22, 2012
Famous Toms
32,252
3.75
Miscellaneous
Feb 13, 2010
Movie Studio by Logo (Picture Quiz)
8,021
4.35
Movies
Nov 26, 2010
NFL Career Rushing Leaders by College Attended
4,617
4.76
Sports
Aug 29, 2012
Go to Creator's Profile
Score Distribution
Quiz Creator Spotlight
jimborama
Follow
Send a Message
Quizzes Created
-
Created Quiz Play Count
-
More By This Creator
Popular Quizzes Today
1
Countries of Asia Without Outlines Minefield
2
Find the US States - No Outlines Minefield
3
Pick 6: Fruits
4
Alphabetical 'K' Countries by Flag Minefield
5
The Countries of the World
6
Find the Countries of Europe - No Outlines Minefield
7
Find the US States
8
US States
More Music Quizzes
Name The 1975 Songs
Quiz Lab
Trending Quizzes
Pick 6: Mountains
Pick 6: Harry Potter
Pick 6: Flags
Pick 6: NFL Teams
Pick 6: Movie Franchises
Recently Updated
NWSL Teams
pecheneg
Women's Final Four Teams by Year
bhenderson79
Presidents Quartet II
eogle
Anything But Clue(do)
eogle
Anything But Oceanian Capitals
eogle
Anything But 7
eogle
Anything But Thing
eogle
Word Ladder: February 29
pecheneg
Song Title Questions
pecheneg
Women's NCAA Tournament #1 Seeds
pecheneg
Trending Topics
Marvel
NBA
Kpop
Disney
Anime
Crossword
Harry Potter
Country
Song
The Office
Puzzle
WWE
NFL
Soccer
Pokémon
Your Account Isn't Verified!
In order to create a playlist on Sporcle, you need to verify the email address you used during registration. Go to your
Sporcle Settings
to finish the process.
Report this User
Report this user for behavior that violates our
Community Guidelines
.
Details:
Send Report
Go to the Sporcle.com Mobile Site →
Comments